MyGZULibrary

Introduction to plant diseases : (Record no. 5991)

MARC details
000 -LEADER
fixed length control field 01191pam a2200337 a 4500
001 - CONTROL NUMBER
control field 1544241
003 - CONTROL NUMBER IDENTIFIER
control field GZU
005 - DATE AND TIME OF LATEST TRANSACTION
control field 20210414145757.0
008 - FIXED-LENGTH DATA ELEMENTS--GENERAL INFORMATION
fixed length control field 911031s1992 nyua b 001 0 eng
010 ## - LIBRARY OF CONGRESS CONTROL NUMBER
LC control number 91039434
020 ## - INTERNATIONAL STANDARD BOOK NUMBER
International Standard Book Number 0442005784
020 ## - INTERNATIONAL STANDARD BOOK NUMBER
International Standard Book Number 9780412069611
040 ## - CATALOGING SOURCE
Original cataloging agency DLC
Transcribing agency DLC
Modifying agency DLC
050 00 - LIBRARY OF CONGRESS CALL NUMBER
Classification number SB731
Item number .LUC 1992
100 1# - MAIN ENTRY--PERSONAL NAME
Personal name Lucas, George Blanchard.
Relator term author
245 10 - TITLE STATEMENT
Title Introduction to plant diseases :
Remainder of title identification and management /
Statement of responsibility, etc. George B. Lucas, C. Lee Campbell, Leon T. Lucas.
250 ## - EDITION STATEMENT
Edition statement 2nd ed.
260 ## - PUBLICATION, DISTRIBUTION, ETC.
Place of publication, distribution, etc. New York :
Name of publisher, distributor, etc. Van Nostrand Reinhold ; Chapman & Hall,
Date of publication, distribution, etc. c1992.
300 ## - PHYSICAL DESCRIPTION
Extent xiv, 364 p. :
Other physical details ill. ;
Dimensions 24 cm.
500 ## - GENERAL NOTE
General note "An AVI book."
504 ## - BIBLIOGRAPHY, ETC. NOTE
Bibliography, etc. note Includes bibliographical references (p. 347-349) and index.
650 #0 - SUBJECT ADDED ENTRY--TOPICAL TERM
Topical term or geographic name entry element Plant diseases.
650 #0 - SUBJECT ADDED ENTRY--TOPICAL TERM
Topical term or geographic name entry element Phytopathogenic microorganisms
General subdivision Control.
650 #0 - SUBJECT ADDED ENTRY--TOPICAL TERM
Topical term or geographic name entry element Plant diseases
General subdivision Diagnosis.
650 #0 - SUBJECT ADDED ENTRY--TOPICAL TERM
Topical term or geographic name entry element Phytopathogenic microorganisms
General subdivision Identification.
700 1# - ADDED ENTRY--PERSONAL NAME
Personal name Campbell, C. L.
Fuller form of name (C. Lee.)
Relator term author
700 1# - ADDED ENTRY--PERSONAL NAME
Personal name Lucas, L. T.
Relator term author
856 ## - ELECTRONIC LOCATION AND ACCESS
Uniform Resource Identifier <a href="10.1007/978-1-4615-7294-7">10.1007/978-1-4615-7294-7</a>
906 ## - LOCAL DATA ELEMENT F, LDF (RLIN)
a 7
b cbc
c orignew
d 1
e ocip
f 19
g y-gencatlg
942 ## - ADDED ENTRY ELEMENTS (KOHA)
Source of classification or shelving scheme Library of Congress Classification
Koha item type Books
Edition Second edition
Classification part 731
Item part LUC
Call number prefix SB
Holdings
Withdrawn status Lost status Source of classification or shelving scheme Damaged status Not for loan Collection code Home library Current library Shelving location Date acquired Inventory number Total Checkouts Full call number Barcode Date last seen Copy number Price effective from Koha item type
    Library of Congress Classification     Non-fiction Mashava Campus Library Mashava Campus Library General Stacks 04/14/2021 21460   SB731 LUC 1992 003908 04/14/2021 c. 1 04/14/2021 Books